000 00651cam a22002413a 4500
001 9976
003 PGUSA
005 20140828083218.0
008 060201s2006||||xxu|||||s|||||000 | eng d
040 _aPGUSA
_beng
042 _adc
050 4 _aPQ
100 1 _aHugo, Victor,
_d1802-1885
245 1 0 _aHernani
_h[electronic resource] /
_cVictor Hugo
260 _bProject Gutenberg,
_c2006
506 _aPublic domain in the USA.
516 _aElectronic text
653 _aHernani (Fictitious character) -- Drama
653 _aTragedies
830 0 _aProject Gutenberg
_v9976
856 4 0 _uhttp://www.gutenberg.org/ebooks/9976
942 _cEB
999 _c239232
_d239232